Представление документа в формате RUSMARC

ПолеНазваниеЗначение
  Тип записи a
  Библиографический уровень m
001 Контрольный номер a42d80ed0c874d9d8be9cd8ab592e001
005 Дата корректировки 20160909152357.9
010 Индекс ISBN __
a ISBN 978-5-394-02049-0
d Цена 255,00
101 Язык документа 0_
a Язык текста rus
102 Страна публикации __
a Страна публикации RU
200 Заглавие и сведения об ответственности 1_
a Заглавие Экономика организации
b Общее обозначение материала Текст
e Сведения, относящиеся к заглавию Учебник для бакалавров
f Первые сведения об ответственности Арзуманова Т. И., Мачабели М. Ш.
210 Выходные данные 1_
a Место издания М.
c Издательство Издательско-торговая корпорация "Дашков и К"
d Дата издания 2016
215 Физическое описание __
a Объем 240с.
225 Серия 2_
a Серия Учебные издания для бакалавров
610 Ключевые слова 0_
a Ключевые слова экономика организации
a Ключевые слова трудовые ресурсы
a Ключевые слова оборотный капитал
a Ключевые слова оборот розничной торговли
a Ключевые слова оборот оптовой торговли
686 Индексы других классификаций __
a Классификационный индекс 65.29
700 Автор _1
a Фамилия Арзуманова Т. И.
801 Источник записи _0
a Страна RU
b Организация РУК
g Правила каталогизации PSBO
801 Источник записи _1
a Страна RU
b Организация РУК
g Правила каталогизации PSBO
852 Данные о местонахождении __
i Авторский знак А 80
j Шифр хранения 65.29
b Сигла хранения ЧЗ_1
t Номер экземпляра 2
p Инвентарный номер 1800151030
p Инвентарный номер 1800151031
901 Тип документа __
t Тип документа m
937 Технологическая информация __
a Создатель записи (имя) Носкова
938 Служебная информация __
a Название организации Саранский филиал
952 Тип литературы __
b Гриф литературы для ВШ гриф МО
c Вид литературы учебник